00336nam a2200133 a 45000010010000000030011000100080041000210350026000620820014000881000024001022450027001262600036001536500013001890000-9108ELIB.Books110520 1975  a(ELIB.Books)0000-9257 a400 bMas aMassaro, Dominic W. aUnderstanding Language bNew York: Academic Press c1975 aLanguage